000 00212nam a22000857a 4500
008 161128b xxu||||| |||| 00| 0 eng d
100 _91490
_aKen ham
245 _aAnswers acadamy
260 _aAmerica
_bMaster Books
_c2005
999 _c4215
_d4215